Kekkosjahti - Statistics

Yleistilastot
  • Tätä visaa on pelattu 198 kertaa
    142 viimeisimmän päivityksen jälkeen
  • Keskiarvotulos 7 / 12
Vastaustilastot
Kysymys Vastaus % Oikein
Mikä oli Kekkosen toinen etunimi? Kaleva
100%
Minkä nimisessä pielavetisessä talossa Kekkonen on syntynyt? Lepikon torppa
94%
Mistä Suomen poliittiseen historiaan jääneestä lausahduksesta Kekkonen muistetaan? Saatanan tunarit!
88%
Kekkonen kirjoitti suomalaisiin lehtiin useilla salanimillä. Mikä oli tunnetuin näistä? Pekka Peitsi
75%
Mikä presidentin virka-asunto luovutettiin Kekkoselle eläke- ja palvelukodiksi? Tamminiemi
75%
Minkä lajin Suomen mestari Kekkonen on? Korkeushypyn
69%
Missä Kekkonen oli lomailemassa kuullessaan noottikriisistä? Havaijilla
63%
Vuonna 2004 suomalaiset äänestivät siitä, keitä pitävät suurimpina suomalaisina. Monesko Kekkonen oli äänestyksessä? Kolmas
63%
Millä lempinimellä kutsuttiin Kekkosen poliittisia kannattajia? Perässähiihtäjät
50%
Millä Kekkosen haamu uhkaa tuhota Suomen animaatiosarjassa Itse Valtiaat? Jättiläismeteoriitilla
31%
Minkä seuraavista Kekkonen on keksinyt? Kirjolohi-nimityksen
31%
Kuka oli Suomen pitkäaikaisin pääministeri Kekkosen presidenttikaudella? Mauno Koivisto
6%
Ehtoja vastaavia visoja ei löytynyt
Tulosjakauma
Jokaisen tuloksen saaneiden osuus
Persentiili vastausten määrän mukaan
Tuloshistoriasi
Et ole pelannut tätä visaa sen viimeisimmän päivityksen jälkeen